| 000 | 00644nam a2200241 a 4500 | ||
|---|---|---|---|
| 999 |
_c10520 _d10520 |
||
| 001 | 10520 | ||
| 003 | BD-JhCC | ||
| 005 | 20180430190347.0 | ||
| 008 | 180430s1964 nbu |||| |||| 000 0 eng d | ||
| 035 | _a(BD-JhCC)10520 | ||
| 040 |
_aBD-JhCC _dBD-JhCC |
||
| 041 | _aeng | ||
| 082 |
_a823.74 _bLYN 1964 |
||
| 100 | _aLynn, Robert H | ||
| 245 |
_aTom Jones : _bnotes / _cRobert H Lynn, |
||
| 260 |
_aLincoln : _bCliff's Notes, _c1964. |
||
| 300 |
_a109 P. : _c21 cm. |
||
| 504 | _aIncludes Bibliographical Reference. | ||
| 650 | _aHistory of Tom Jones (Fielding, Henry) | ||
| 650 | _aEnglish Fiction | ||
| 942 |
_2ddc _cBK |
||